Statistics for Bad Spelling

Click here to take the quiz!

General Stats

  • This quiz has been taken 78 times
  • The average score is 11 of 13

Answer Stats

HintAnswer% Correct
ToomorowTomorrow
100%
ShampainChampagne
98%
WensdayWednesday
98%
ComiteeCommittee
94%
RimeRhyme
94%
AxidentlyAccidentally
92%
SemataryCemetery
92%
LiesenseLicense
92%
MoskitoMosquito
91%
ReeCeetReceipt
85%
FloresentFluorescent
67%
AntidisestablishmentarienismAntidisestablishmentarianism
62%
CrazyCookieCing (look at my name)KrazyKookieKing
53%

Score Distribution

Percentile by Number Answered

Percent of People with Each Score

Your Score History

You have not taken this quiz